[Event "EUYCC 2024 U12"]
[Site "?"]
[Date "2024.08.05"]
[Round "1.1"]
[White "Duchatel, Cyrielle"]
[Black "Kopecny, Filip"]
[Result "0-1"]
[BlackElo "2008"]
[WhiteElo "1636"]
[LiveChessVersion "1.4.8"]

1. e4 {[%clk 1:30:33]} c5 {[%clk 1:30:49]} 2. Nf3 {[%clk 1:30:18]} e6
{[%clk 1:30:59]} 3. c3 {[%clk 1:29:49]} Nf6 {[%clk 1:31:02]} 4. e5
{[%clk 1:29:24]} Nd5 {[%clk 1:31:24]} 5. d4 {[%clk 1:28:56]} cxd4
{[%clk 1:31:46]} 6. cxd4 {[%clk 1:28:33]} Nc6 {[%clk 1:32:10]} 7. Nc3
{[%clk 1:27:32]} d6 {[%clk 1:30:11]} 8. Nxd5 {[%clk 1:24:37]} exd5
{[%clk 1:30:33]} 9. Bb5 {[%clk 1:20:11]} Qa5+ {[%clk 1:30:50]} 10. Bd2
{[%clk 1:18:51]} Qxb5 {[%clk 1:31:05]} 11. Bc3 {[%clk 1:11:11]} Be6
{[%clk 1:30:30]} 12. a4 {[%clk 1:10:03]} Qa6 {[%clk 1:29:40]} 13. b4
{[%clk 1:08:27]} Qc4 {[%clk 1:15:24]} 14. Qd2 {[%clk 1:02:28]} dxe5
{[%clk 1:15:28]} 15. Nxe5 {[%clk 0:41:00]} Qxc3 {[%clk 1:14:38]} 16. Qxc3
{[%clk 0:40:04]} Bxb4 {[%clk 1:15:02]} 17. Qxb4 {[%clk 0:40:26]} Nxb4
{[%clk 1:15:25]} 18. Kd2 {[%clk 0:40:25]} O-O {[%clk 1:15:44]} 19. Rhb1
{[%clk 0:40:25]} a5 {[%clk 1:16:08]} 20. h3 {[%clk 0:39:52]} Rfc8
{[%clk 1:16:24]} 21. Rb2 {[%clk 0:38:23]} f6 {[%clk 1:14:25]} 22. Nd3
{[%clk 0:37:20]} Rc4 {[%clk 1:14:43]} 23. Re1 {[%clk 0:32:38]} Nxd3
{[%clk 1:14:39]} 24. Kxd3 {[%clk 0:31:55]} Bf5+ {[%clk 1:15:00]} 25. Kd2
{[%clk 0:31:24]} Rxd4+ {[%clk 1:15:02]} 26. Kc1 {[%clk 0:31:00]} Rc8+
{[%clk 1:15:27]} 27. Rc2 {[%clk 0:31:24]} Rxc2+ {[%clk 1:15:52]} 28. Kb1
{[%clk 0:31:46]} Rb4+ {[%clk 1:16:04]} 29. Ka1 Rxa4+ {[%clk 1:16:30]} 30. Kb1
{[%clk 0:32:25]} Re2+ {[%clk 1:16:57]} 31. Kc1 {[%clk 0:32:46]} Ra1#
{[%clk 1:17:24]} 0-1

[Event "EUYCC 2024 U12"]
[Site "?"]
[Date "2024.08.05"]
[Round "1.2"]
[White "Petroff, Vlad"]
[Black "Lickova, Anna"]
[Result "1-0"]
[BlackElo "1621"]
[WhiteElo "1997"]
[LiveChessVersion "1.4.8"]

1. d4 {[%clk 1:30:50]} Nf6 {[%clk 1:30:36]} 2. Bg5 {[%clk 1:31:13]} d5
{[%clk 1:30:59]} 3. e3 {[%clk 1:31:39]} e6 {[%clk 1:29:05]} 4. Nd2
{[%clk 1:31:36]} Be7 {[%clk 1:27:34]} 5. Bd3 {[%clk 1:31:51]} Nbd7
{[%clk 1:26:36]} 6. f4 {[%clk 1:31:54]} c5 {[%clk 1:21:39]} 7. c3
{[%clk 1:31:24]} O-O {[%clk 1:19:05]} 8. Ngf3 {[%clk 1:28:46]} b6
{[%clk 1:12:15]} 9. Ne5 {[%clk 1:27:00]} Bb7 {[%clk 1:00:12]} 10. Qf3
{[%clk 1:18:48]} h6 {[%clk 0:46:10]} 11. Bxf6 {[%clk 1:18:20]} Bxf6
{[%clk 0:46:15]} 12. O-O {[%clk 1:17:17]} Bxe5 {[%clk 0:33:55]} 13. fxe5
{[%clk 1:17:22]} f6 {[%clk 0:32:34]} 14. exf6 {[%clk 1:15:35]} Rxf6
{[%clk 0:30:39]} 15. Qg4 {[%clk 1:14:39]} Qe7 {[%clk 0:18:50]} 16. Rxf6
{[%clk 1:06:58]} Qxf6 {[%clk 0:18:37]} 17. Rf1 {[%clk 1:06:48]} Qe7
{[%clk 0:09:32]} 18. Qg6 {[%clk 1:03:26]} Nf6 {[%clk 0:09:21]} 19. Nf3
{[%clk 1:01:46]} Rf8 {[%clk 0:04:41]} 20. Ne5 {[%clk 0:56:36]} Ne4
{[%clk 0:02:39]} 21. Rxf8+ {[%clk 0:55:58]} Qxf8 {[%clk 0:01:37]} 22. Qxe6+
{[%clk 0:55:58]} Kh7 {[%clk 0:01:54]} 23. Nf7 {[%clk 0:49:57]} c4
{[%clk 0:00:52]} 24. Bxe4+ {[%clk 0:48:37]} dxe4 25. h4 {[%clk 0:47:25]} b5
{[%clk 0:00:52]} 26. h5 {[%clk 0:47:22]} a6 {[%clk 0:00:31]} 27. Qg6+
{[%clk 0:47:44]} Kg8 {[%clk 0:00:58]} 28. Nxh6+ {[%clk 0:48:05]} Kh8
{[%clk 0:01:25]} 29. Nf7+ {[%clk 0:48:14]} Kg8 {[%clk 0:01:51]} 30. Ng5
{[%clk 0:48:30]} Qf6 {[%clk 0:01:37]} 31. Qe8+ {[%clk 0:48:05]} Qf8
{[%clk 0:02:02]} 32. Qxf8+ {[%clk 0:48:22]} Kxf8 {[%clk 0:02:27]} 33. Ne6+
{[%clk 0:48:51]} Kg8 {[%clk 0:02:38]} 34. Nc5 {[%clk 0:49:15]} Bc8
{[%clk 0:02:51]} 35. Nxe4 {[%clk 0:49:32]} Bg4 {[%clk 0:02:57]} 36. h6
{[%clk 0:49:42]} Bf5 {[%clk 0:03:04]} 37. Ng3 {[%clk 0:49:51]} Bb1
{[%clk 0:03:24]} 38. hxg7 {[%clk 0:49:15]} Bxa2 {[%clk 0:02:17]} 39. Nh5
{[%clk 0:48:42]} Bb1 {[%clk 0:01:23]} 40. Kf2 {[%clk 0:48:46]} a5
{[%clk 0:01:20]} 41. Ke1 {[%clk 0:48:24]} Bg6 {[%clk 0:00:38]} 42. g4
{[%clk 0:46:22]} b4 {[%clk 0:00:52]} 43. Kd2 {[%clk 0:44:18]} b3 {[%clk 0:01:06]}
44. d5 {[%clk 0:44:08]} 1-0

[Event "EUYCC 2024 U12"]
[Site "?"]
[Date "2024.08.05"]
[Round "1.3"]
[White "Zvolanek, Vojtech"]
[Black "Corral Nehama, Leo"]
[Result "0-1"]
[BlackElo "1984"]
[WhiteElo "1601"]
[LiveChessVersion "1.4.8"]

1. e4 {[%clk 1:30:54]} e5 {[%clk 1:30:08]} 2. Nf3 {[%clk 1:30:44]} Nc6
{[%clk 1:29:42]} 3. Bc4 {[%clk 1:30:43]} Bc5 {[%clk 1:29:07]} 4. O-O
{[%clk 1:30:10]} Nf6 {[%clk 1:28:34]} 5. d4 {[%clk 1:29:38]} Bxd4
{[%clk 1:26:26]} 6. Nxd4 {[%clk 1:28:31]} Nxd4 {[%clk 1:25:57]} 7. Bg5
{[%clk 1:26:01]} h6 {[%clk 1:24:05]} 8. Bh4 {[%clk 1:23:46]} g5 {[%clk 1:09:20]}
9. Bg3 {[%clk 1:19:27]} d6 {[%clk 1:07:52]} 10. Nc3 {[%clk 1:15:54]} Be6
{[%clk 1:00:21]} 11. Bb3 {[%clk 1:08:29]} c6 {[%clk 0:50:00]} 12. f3
{[%clk 0:59:58]} Bxb3 {[%clk 0:42:17]} 13. axb3 {[%clk 0:57:15]} Ne6
{[%clk 0:37:31]} 14. Ne2 {[%clk 0:54:59]} Nh5 {[%clk 0:30:25]} 15. Bf2
{[%clk 0:47:30]} a6 {[%clk 0:27:23]} 16. c4 {[%clk 0:43:22]} c5 {[%clk 0:24:32]}
17. Qd5 {[%clk 0:36:30]} Rb8 {[%clk 0:21:30]} 18. Qd2 {[%clk 0:32:29]} Rg8
{[%clk 0:15:32]} 19. b4 {[%clk 0:30:39]} g4 {[%clk 0:08:58]} 20. fxg4
{[%clk 0:25:54]} Rxg4 {[%clk 0:09:18]} 21. Qxh6 {[%clk 0:19:28]} Nef4
{[%clk 0:06:33]} 22. Nxf4 {[%clk 0:17:12]} Nxf4 {[%clk 0:06:54]} 23. Bg3
{[%clk 0:15:31]} Ne2+ {[%clk 0:05:57]} 24. Kf2 {[%clk 0:12:58]} Nxg3
{[%clk 0:05:36]} 25. hxg3 {[%clk 0:12:44]} Rxe4 {[%clk 0:03:30]} 26. Qh7
{[%clk 0:10:36]} Rxc4 {[%clk 0:02:41]} 27. Kg1 {[%clk 0:10:35]} Qe7
{[%clk 0:02:40]} 28. Qg8+ {[%clk 0:10:35]} Qf8 {[%clk 0:03:09]} 29. Qg5
{[%clk 0:09:20]} cxb4 {[%clk 0:01:51]} 30. Rad1 {[%clk 0:08:39]} Rbc8
{[%clk 0:01:14]} 31. Qf6 {[%clk 0:08:07]} Qe7 {[%clk 0:01:05]} 32. Qh6
{[%clk 0:06:42]} R8c6 {[%clk 0:00:51]} 33. Qh8+ {[%clk 0:06:08]} Kd7
{[%clk 0:01:08]} 34. Qh7 {[%clk 0:05:52]} f6 {[%clk 0:01:28]} 35. Qf5+
{[%clk 0:05:28]} Kc7 {[%clk 0:01:56]} 36. Qg6 {[%clk 0:05:04]} Kb6
{[%clk 0:01:47]} 37. Qd3 {[%clk 0:04:37]} Qg7 {[%clk 0:01:26]} 38. Qe3+
{[%clk 0:04:26]} Kc7 {[%clk 0:01:24]} 39. Qd3 {[%clk 0:03:26]} Rd4
{[%clk 0:01:24]} 40. Qb3 {[%clk 0:03:01]} Rxd1 {[%clk 0:01:07]} 41. Rxd1
{[%clk 0:03:21]} Qg4 {[%clk 0:01:23]} 42. Qf7+ {[%clk 0:03:04]} Kb6
{[%clk 0:01:41]} 43. Qxf6 {[%clk 0:02:54]} Qxd1+ {[%clk 0:02:08]} 0-1

[Event "EUYCC 2024 U12"]
[Site "?"]
[Date "2024.08.05"]
[Round "1.4"]
[White "Kala, Jakub"]
[Black "Ochkova, Vasilena"]
[Result "1-0"]
[BlackElo "1587"]
[WhiteElo "1949"]
[LiveChessVersion "1.4.8"]

1. Nf3 {[%clk 1:30:56]} d5 {[%clk 1:30:49]} 2. c4 {[%clk 1:31:19]} e6
{[%clk 1:30:55]} 3. e3 {[%clk 1:31:42]} Nf6 {[%clk 1:30:56]} 4. Nc3
{[%clk 1:32:04]} Be7 {[%clk 1:30:09]} 5. b3 {[%clk 1:32:10]} b6 {[%clk 1:26:46]}
6. Bb2 {[%clk 1:27:40]} O-O {[%clk 1:24:04]} 7. Qc2 {[%clk 1:25:11]} Bb7
{[%clk 1:13:47]} 8. Be2 {[%clk 1:20:52]} Nbd7 {[%clk 1:10:16]} 9. Rg1
{[%clk 1:14:34]} Ne8 {[%clk 0:57:14]} 10. g4 {[%clk 1:08:47]} h6 {[%clk 0:52:05]}
11. cxd5 {[%clk 0:53:07]} exd5 {[%clk 0:47:21]} 12. h4 {[%clk 0:42:11]} d4
{[%clk 0:28:37]} 13. Nxd4 {[%clk 0:32:58]} Bxh4 {[%clk 0:27:12]} 14. Nf3
{[%clk 0:27:04]} Nd6 {[%clk 0:16:19]} 15. Nxh4 {[%clk 0:25:11]} Qxh4
{[%clk 0:16:33]} 16. O-O-O {[%clk 0:24:51]} Qxf2 {[%clk 0:15:00]} 17. g5
{[%clk 0:23:44]} Kh8 {[%clk 0:10:00]} 18. gxh6 {[%clk 0:23:28]} 1-0

[Event "EUYCC 2024 U12"]
[Site "?"]
[Date "2024.08.05"]
[Round "1.5"]
[White "Hrckova, Anna"]
[Black "Meszaros-Csonka, David"]
[Result "0-1"]
[BlackElo "1932"]
[WhiteElo "1586"]
[LiveChessVersion "1.4.8"]

1. e4 {[%clk 1:30:58]} c5 {[%clk 1:30:22]} 2. Nf3 {[%clk 1:30:48]} e6
{[%clk 1:30:28]} 3. d4 {[%clk 1:30:53]} cxd4 {[%clk 1:30:40]} 4. Nxd4
{[%clk 1:30:23]} Nf6 {[%clk 1:30:59]} 5. Nc3 {[%clk 1:29:49]} Nc6
{[%clk 1:31:12]} 6. Ndb5 {[%clk 1:29:37]} d6 {[%clk 1:31:22]} 7. Bf4
{[%clk 1:29:21]} e5 {[%clk 1:31:47]} 8. Bg5 {[%clk 1:28:54]} a6 {[%clk 1:31:21]}
9. Na3 {[%clk 1:28:58]} b5 {[%clk 1:31:25]} 10. Nd5 {[%clk 1:28:43]} Be7
{[%clk 1:31:44]} 11. Bd3 {[%clk 1:27:27]} Nxd5 {[%clk 1:27:06]} 12. exd5
{[%clk 1:26:43]} Bxg5 {[%clk 1:26:53]} 13. dxc6 {[%clk 1:26:10]} d5
{[%clk 1:24:48]} 14. O-O {[%clk 1:17:57]} b4 {[%clk 1:17:55]} 15. Nb1
{[%clk 1:16:10]} Qd6 {[%clk 1:01:30]} 16. Be4 {[%clk 1:09:41]} Be6
{[%clk 0:56:59]} 17. c7 {[%clk 1:07:39]} Be7 {[%clk 0:53:06]} 18. Re1
{[%clk 1:06:08]} dxe4 {[%clk 0:52:30]} 19. Qxd6 {[%clk 1:05:43]} Bxd6
{[%clk 0:52:58]} 20. Rxe4 {[%clk 1:05:47]} Rc8 21. a3 {[%clk 1:02:33]} bxa3
{[%clk 0:49:55]} 22. Nxa3 {[%clk 1:02:54]} Rxc7 {[%clk 0:50:14]} 23. c3
{[%clk 1:02:52]} Ke7 {[%clk 0:49:42]} 24. Nc2 {[%clk 1:02:47]} Bf5
{[%clk 0:50:04]} 25. Re2 {[%clk 1:02:50]} Bxc2 {[%clk 0:50:31]} 26. Rxc2
{[%clk 1:02:27]} Rc6 {[%clk 0:50:06]} 27. g3 {[%clk 1:01:36]} Rb8
{[%clk 0:50:22]} 28. Kg2 {[%clk 1:01:24]} Rcb6 {[%clk 0:50:10]} 29. b4
{[%clk 1:01:13]} Rc8 {[%clk 0:50:20]} 30. Raa2 {[%clk 1:01:19]} Rbc6
{[%clk 0:50:03]} 31. f4 {[%clk 0:59:56]} e4 {[%clk 0:46:23]} 32. Re2
{[%clk 0:59:23]} f5 {[%clk 0:45:58]} 33. Ra5 {[%clk 0:57:41]} Ke6
{[%clk 0:45:27]} 34. b5 {[%clk 0:57:25]} axb5 {[%clk 0:45:45]} 35. Rxb5
{[%clk 0:57:18]} Rxc3 {[%clk 0:46:12]} 36. Rb7 {[%clk 0:56:07]} Rc2
{[%clk 0:46:21]} 37. Rxc2 {[%clk 0:55:01]} Rxc2+ {[%clk 0:46:49]} 38. Kf1
{[%clk 0:55:21]} e3 {[%clk 0:46:46]} 39. h3 {[%clk 0:54:40]} Kd5 {[%clk 0:46:39]}
40. Ke1 {[%clk 0:54:30]} Ke4 {[%clk 0:46:31]} 41. Rb6 {[%clk 0:54:12]} Bc7
{[%clk 0:46:17]} 42. Re6+ {[%clk 0:54:14]} Kf3 {[%clk 0:46:24]} 43. Kd1
{[%clk 0:52:22]} Ra2 {[%clk 0:46:32]} 44. Re8 {[%clk 0:49:45]} e2+
{[%clk 0:46:56]} 45. Ke1 {[%clk 0:49:45]} Ba5# {[%clk 0:47:19]} 0-1

[Event "EUYCC 2024 U12"]
[Site "?"]
[Date "2024.08.05"]
[Round "1.6"]
[White "Velim, Vojtech"]
[Black "Dabrowska, Ewa"]
[Result "1-0"]
[BlackElo "1515"]
[WhiteElo "1926"]
[LiveChessVersion "1.4.8"]

1. d4 {[%clk 1:30:57]} Nf6 {[%clk 1:30:52]} 2. c4 {[%clk 1:31:23]} e6
{[%clk 1:31:16]} 3. Nc3 {[%clk 1:31:47]} Bb4 {[%clk 1:31:35]} 4. Bg5
{[%clk 1:31:48]} h6 {[%clk 1:31:44]} 5. Bh4 {[%clk 1:32:00]} b6 {[%clk 1:32:01]}
6. e4 {[%clk 1:29:29]} g5 {[%clk 1:30:59]} 7. e5 {[%clk 1:21:00]} gxh4
{[%clk 1:25:27]} 8. exf6 {[%clk 1:19:56]} Qxf6 {[%clk 1:24:32]} 9. Qf3
{[%clk 1:18:27]} Qxf3 {[%clk 1:13:42]} 10. Nxf3 {[%clk 1:18:49]} Nc6
{[%clk 1:13:08]} 11. h3 {[%clk 1:13:00]} Rg8 {[%clk 1:06:07]} 12. O-O-O
{[%clk 1:11:35]} Be7 {[%clk 1:00:39]} 13. d5 {[%clk 1:09:39]} Nd8
{[%clk 0:58:40]} 14. Nb5 {[%clk 1:03:40]} Bd6 {[%clk 0:55:53]} 15. Nxd6+
{[%clk 0:52:23]} cxd6 {[%clk 0:55:32]} 16. Nxh4 {[%clk 0:48:48]} Ke7
{[%clk 0:53:38]} 17. g4 {[%clk 0:44:53]} f6 {[%clk 0:51:13]} 18. Bg2
{[%clk 0:40:00]} Bb7 {[%clk 0:46:20]} 19. Rhe1 {[%clk 0:37:42]} Kf7
{[%clk 0:36:56]} 20. dxe6+ {[%clk 0:29:34]} dxe6 {[%clk 0:36:23]} 21. Rxd6
{[%clk 0:29:36]} Bxg2 {[%clk 0:34:05]} 22. Nxg2 {[%clk 0:29:57]} Ke7
{[%clk 0:33:04]} 23. Red1 {[%clk 0:29:32]} f5 {[%clk 0:26:44]} 24. Ne3
{[%clk 0:26:30]} fxg4 {[%clk 0:23:18]} 25. Nxg4 {[%clk 0:24:01]} Rg6
{[%clk 0:19:16]} 26. Ne5 {[%clk 0:23:28]} Rf6 {[%clk 0:17:25]} 27. Rd7+
{[%clk 0:20:06]} Ke8 {[%clk 0:17:35]} 28. Rg1 {[%clk 0:20:14]} Rf5
{[%clk 0:11:41]} 29. Rg8+ {[%clk 0:20:19]} Rf8 {[%clk 0:11:34]} 30. Rgg7
{[%clk 0:20:18]} Rf6 {[%clk 0:10:43]} 31. Rde7+ {[%clk 0:19:28]} Kf8
{[%clk 0:10:26]} 32. Nd7# {[%clk 0:19:51]} 1-0

[Event "EUYCC 2024 U12"]
[Site "?"]
[Date "2024.08.05"]
[Round "1.7"]
[White "Sweetman, Hugo"]
[Black "Skytte, Robert"]
[Result "0-1"]
[BlackElo "1866"]
[WhiteElo "1493"]
[LiveChessVersion "1.4.8"]

1. d4 {[%clk 1:30:55]} d5 {[%clk 1:30:45]} 2. Nf3 {[%clk 1:31:05]} c5
{[%clk 1:30:57]} 3. c3 {[%clk 1:31:05]} Nf6 {[%clk 1:30:43]} 4. Bf4
{[%clk 1:31:16]} Nc6 {[%clk 1:30:59]} 5. e3 {[%clk 1:30:46]} Qb6 {[%clk 1:31:06]}
6. Qb3 {[%clk 1:29:14]} c4 {[%clk 1:31:14]} 7. Qxb6 {[%clk 1:28:38]} axb6
{[%clk 1:31:34]} 8. Nbd2 {[%clk 1:28:17]} b5 {[%clk 1:31:32]} 9. b4
{[%clk 1:19:48]} Bf5 {[%clk 1:26:31]} 10. a3 {[%clk 1:15:15]} e6 {[%clk 1:26:30]}
11. Be2 {[%clk 0:59:54]} Nxb4 {[%clk 1:19:54]} 12. cxb4 {[%clk 0:59:28]} Bxb4
{[%clk 1:15:48]} 13. O-O {[%clk 0:59:28]} Bc3 {[%clk 1:16:02]} 14. Bd6
{[%clk 0:49:10]} Bxa1 {[%clk 1:15:47]} 15. Rxa1 {[%clk 0:49:25]} Kd7
{[%clk 1:15:52]} 16. Bb4 {[%clk 0:46:27]} Rhc8 {[%clk 1:15:33]} 17. Ne5+
{[%clk 0:42:14]} Ke8 {[%clk 1:15:26]} 18. Rc1 {[%clk 0:33:05]} Nd7
{[%clk 1:15:02]} 19. Nxd7 {[%clk 0:31:58]} Kxd7 {[%clk 1:15:19]} 20. Nf3
{[%clk 0:31:59]} f6 {[%clk 1:15:35]} 21. Rc3 {[%clk 0:28:33]} Ra4
{[%clk 1:15:22]} 22. Kf1 {[%clk 0:27:50]} Rca8 {[%clk 1:14:10]} 23. Nd2
{[%clk 0:26:01]} Rxb4 {[%clk 1:13:31]} 24. g4 {[%clk 0:21:45]} Rb2
{[%clk 1:13:08]} 25. Ke1 {[%clk 0:20:11]} b4 {[%clk 1:12:32]} 26. Rxc4
{[%clk 0:18:30]} dxc4 {[%clk 1:12:50]} 27. Nxc4 {[%clk 0:18:53]} Rb1+
{[%clk 1:12:40]} 28. Kd2 {[%clk 0:18:12]} Rxa3 {[%clk 1:12:33]} 29. Nxa3
{[%clk 0:18:21]} bxa3 {[%clk 1:12:55]} 30. gxf5 {[%clk 0:18:37]} a2
{[%clk 1:13:10]} 31. fxe6+ {[%clk 0:18:43]} Ke7 {[%clk 1:13:32]} 0-1

[Event "EUYCC 2024 U12"]
[Site "?"]
[Date "2024.08.05"]
[Round "1.8"]
[White "Bilochenko, Matvii"]
[Black "Rudova, Jana"]
[Result "1-0"]
[BlackElo "1484"]
[WhiteElo "1800"]
[LiveChessVersion "1.4.8"]

1. e4 {[%clk 1:30:58]} d5 {[%clk 1:30:53]} 2. exd5 {[%clk 1:31:23]} Qxd5
{[%clk 1:31:15]} 3. Nc3 {[%clk 1:31:47]} Qa5 {[%clk 1:31:35]} 4. d4
{[%clk 1:32:05]} c6 {[%clk 1:31:58]} 5. Nf3 {[%clk 1:32:17]} Nf6 {[%clk 1:32:20]}
6. h3 {[%clk 1:32:17]} Bf5 {[%clk 1:31:56]} 7. Bd3 {[%clk 1:32:07]} Bg6
{[%clk 1:31:53]} 8. Ne5 {[%clk 1:31:25]} Nbd7 {[%clk 1:31:31]} 9. Nxg6
{[%clk 1:30:39]} hxg6 {[%clk 1:31:25]} 10. O-O {[%clk 1:29:38]} e6
{[%clk 1:30:47]} 11. Ne4 {[%clk 1:28:35]} O-O-O {[%clk 1:28:57]} 12. Qe2
{[%clk 1:26:21]} Nxe4 {[%clk 1:27:31]} 13. Bxe4 {[%clk 1:26:29]} Nf6
{[%clk 1:27:24]} 14. c3 {[%clk 1:25:52]} Bd6 {[%clk 1:25:53]} 15. Bf3
{[%clk 1:21:46]} Rh7 {[%clk 1:20:16]} 16. a4 {[%clk 1:20:01]} Rdh8
{[%clk 1:18:34]} 17. b4 {[%clk 1:17:51]} Qc7 {[%clk 1:17:39]} 18. b5
{[%clk 1:16:00]} Nd5 {[%clk 1:10:05]} 19. bxc6 Qxc6 {[%clk 1:07:29]} 20. c4
{[%clk 1:11:31]} Nc3 {[%clk 1:05:47]} 21. Qd3 {[%clk 1:10:59]} Qe8
{[%clk 1:02:07]} 22. Qxc3 {[%clk 1:11:12]} e5 {[%clk 1:01:41]} 23. dxe5
{[%clk 1:08:07]} Bxe5 {[%clk 1:01:31]} 24. Qb3 {[%clk 1:08:24]} Qe7
{[%clk 0:59:08]} 25. Rb1 {[%clk 1:08:02]} f5 {[%clk 0:56:59]} 26. Ba3
{[%clk 1:07:51]} Qc7 {[%clk 0:55:29]} 27. Bxb7+ {[%clk 1:08:00]} Kd7
{[%clk 0:54:08]} 28. Qb5+ {[%clk 1:07:14]} Ke6 {[%clk 0:54:11]} 29. Qa6+
{[%clk 1:07:21]} Kf7 {[%clk 0:51:51]} 30. Bd5+ {[%clk 1:07:47]} Ke8
{[%clk 0:51:54]} 31. Qe6+ {[%clk 1:07:59]} Kd8 {[%clk 0:51:59]} 32. Rb8+
{[%clk 1:08:10]} Qxb8 {[%clk 0:52:09]} 33. Qe7+ {[%clk 1:08:33]} Kc8
{[%clk 0:52:15]} 34. Be6# {[%clk 1:08:55]} 1-0

[Event "EUYCC 2024 U12"]
[Site "?"]
[Date "2024.08.05"]
[Round "1.9"]
[White "Bannoura, Daniel"]
[Black "Sabou, Stefania Theodora"]
[Result "1/2-1/2"]
[BlackElo "1781"]
[WhiteElo "1483"]
[LiveChessVersion "1.4.8"]

1. c4 {[%clk 1:30:57]} e5 {[%clk 1:30:02]} 2. Nc3 {[%clk 1:30:40]} f5
{[%clk 1:29:14]} 3. d3 {[%clk 1:30:15]} d6 {[%clk 1:26:26]} 4. g3
{[%clk 1:30:18]} Nf6 {[%clk 1:25:50]} 5. Bg2 {[%clk 1:28:45]} Be7
{[%clk 1:22:49]} 6. h4 {[%clk 1:25:55]} O-O {[%clk 1:19:44]} 7. Nh3
{[%clk 1:19:52]} c6 {[%clk 1:16:26]} 8. Qb3 {[%clk 1:17:44]} Na6 {[%clk 1:13:44]}
9. Bg5 {[%clk 1:10:07]} Nc5 {[%clk 1:11:29]} 10. Qc2 {[%clk 1:08:41]} Ne6
{[%clk 1:05:40]} 11. Qd2 {[%clk 1:05:37]} Bd7 {[%clk 0:59:39]} 12. a3
{[%clk 1:01:55]} Rb8 {[%clk 0:55:35]} 13. Rb1 {[%clk 0:53:01]} Qc7
{[%clk 0:47:33]} 14. b4 {[%clk 0:49:27]} Be8 {[%clk 0:39:18]} 15. Qb2
{[%clk 0:39:57]} Ng4 {[%clk 0:36:51]} 16. Bxe7 {[%clk 0:38:21]} Qxe7
{[%clk 0:37:20]} 17. b5 {[%clk 0:38:13]} f4 {[%clk 0:35:50]} 18. Bf3
{[%clk 0:36:06]} Bh5 {[%clk 0:34:22]} 19. Ne4 {[%clk 0:34:21]} Nd4
{[%clk 0:32:40]} 20. Bxg4 {[%clk 0:31:49]} Bxg4 {[%clk 0:33:01]} 21. Nxf4
{[%clk 0:31:48]} Bxe2 22. Nxe2 Nf3+ 23. Kd1 1/2-1/2

[Event "EUYCC 2024 U12"]
[Site "?"]
[Date "2024.08.05"]
[Round "1.10"]
[White "Vancakova, Veronika"]
[Black "Hamernikova, Iris"]
[Result "1-0"]
[BlackElo "1448"]
[WhiteElo "1776"]
[LiveChessVersion "1.4.8"]

1. d4 {[%clk 1:30:57]} d5 {[%clk 1:30:53]} 2. c4 {[%clk 1:31:20]} e6
{[%clk 1:31:19]} 3. Nc3 {[%clk 1:31:44]} Nf6 {[%clk 1:31:41]} 4. Bg5
{[%clk 1:32:07]} Nbd7 {[%clk 1:31:53]} 5. e3 {[%clk 1:32:11]} Be7
{[%clk 1:31:36]} 6. Nf3 b6 {[%clk 1:31:39]} 7. cxd5 {[%clk 1:28:47]} exd5
{[%clk 1:30:01]} 8. Bd3 {[%clk 1:22:55]} Bb7 {[%clk 1:30:01]} 9. Rc1
{[%clk 1:21:02]} c5 {[%clk 1:18:01]} 10. O-O {[%clk 1:19:31]} O-O
{[%clk 1:17:41]} 11. Qe2 {[%clk 1:16:57]} a6 {[%clk 1:17:09]} 12. a3
{[%clk 1:12:01]} Re8 {[%clk 1:09:08]} 13. Rfd1 {[%clk 1:04:14]} Ne4
{[%clk 0:55:47]} 14. Bxe7 {[%clk 0:59:51]} Qxe7 {[%clk 0:55:46]} 15. Bb1
{[%clk 0:57:10]} Ndf6 {[%clk 0:54:09]} 16. dxc5 {[%clk 0:41:45]} bxc5
{[%clk 0:48:14]} 17. Nxe4 {[%clk 0:39:08]} Nxe4 {[%clk 0:47:02]} 18. Nd2
{[%clk 0:30:15]} Nf6 {[%clk 0:39:46]} 19. Nb3 {[%clk 0:28:52]} c4
{[%clk 0:32:40]} 20. Nd4 {[%clk 0:27:37]} g6 {[%clk 0:31:48]} 21. Qc2
{[%clk 0:09:07]} Bc8 {[%clk 0:25:33]} 22. h3 {[%clk 0:06:06]} Bd7
{[%clk 0:22:26]} 23. Ba2 {[%clk 0:01:59]} Rec8 {[%clk 0:16:15]} 24. b3
{[%clk 0:00:40]} c3 {[%clk 0:14:59]} 25. b4 {[%clk 0:00:45]} Be6 {[%clk 0:13:25]}
26. Nxe6 {[%clk 0:00:41]} fxe6 {[%clk 0:13:42]} 27. Qb3 {[%clk 0:00:36]} Ne4
{[%clk 0:12:58]} 28. Rd3 {[%clk 0:00:37]} Qf6 {[%clk 0:13:07]} 29. Qc2
{[%clk 0:00:35]} Rab8 {[%clk 0:11:50]} 30. f3 {[%clk 0:00:34]} Ng3
{[%clk 0:11:33]} 31. Kh2 {[%clk 0:00:54]} Nf5 {[%clk 0:11:41]} 32. Rxc3
{[%clk 0:00:37]} Rd8 {[%clk 0:11:11]} 33. Qf2 {[%clk 0:00:41]} Nh4
{[%clk 0:09:25]} 34. Kg1 {[%clk 0:00:46]} Nf5 {[%clk 0:09:03]} 35. R3c2
{[%clk 0:00:50]} Kg7 {[%clk 0:06:00]} 36. Rc7+ {[%clk 0:00:56]} Kh8
{[%clk 0:06:12]} 37. R7c2 {[%clk 0:00:54]} e5 {[%clk 0:06:27]} 38. Rc6
{[%clk 0:00:46]} Qe7 {[%clk 0:06:17]} 39. Rxa6 {[%clk 0:00:36]} d4
{[%clk 0:06:17]} 40. Re6 {[%clk 0:00:38]} Qg7 {[%clk 0:06:09]} 41. exd4
{[%clk 0:00:42]} exd4 {[%clk 0:04:58]} 42. Re2 {[%clk 0:00:37]} Qa7
{[%clk 0:02:41]} 43. Bb1 {[%clk 0:00:38]} Qxa3 {[%clk 0:02:50]} 44. Rce1
{[%clk 0:00:36]} Ne3 {[%clk 0:02:06]} 45. Rd2 {[%clk 0:00:34]} Qxb4
{[%clk 0:02:13]} 46. Be4 {[%clk 0:00:35]} Qb3 {[%clk 0:01:44]} 47. Qh4
{[%clk 0:00:40]} Nf5 {[%clk 0:01:39]} 48. Bxf5 {[%clk 0:00:48]} gxf5
{[%clk 0:02:05]} 49. Qf6+ {[%clk 0:01:06]} Kg8 {[%clk 0:02:29]} 50. Re7
{[%clk 0:01:03]} Qe3+ {[%clk 0:00:50]} 51. Rxe3 {[%clk 0:01:24]} 1-0